00405nam a2200145 i 450000100060000000300090000600500170001500700030003200800410003510000190007624500760009526000450017130000220021685200210023836843ES-MaACL20230906155443.0t|030219s1904 fr ||||1| fre d1 aBouvier, Jean.10aNos bons cures b: leurs joyesetes! leurs péchés! / cJean Bouvier. aParis : b[s.n., c1904] (fPaul Dupont) a290 p. ; c19 cm. aES-MaACLjC-3038